Manual de psicología

সংরক্ষণ করুন:
গ্রন্থ-পঞ্জীর বিবরন
প্রধান লেখক: Guillaume, Palau
বিন্যাস: গ্রন্থ
ভাষা:স্প্যানিশ
প্রকাশিত: Buenos Aires. Paidós. [1959].
বিষয়গুলি:
ট্যাগগুলো: ট্যাগ যুক্ত করুন
কোনো ট্যাগ নেই, প্রথমজন হিসাবে ট্যাগ করুন!

MARC

LEADER 00000nam a22000005a 4500
001 18913
003 CL-ChBUA
005 20120815103711.0
008 070301s1959 ag 000 0 spa
040 |a CL-ChBUA  |c CL-ChBUA 
082 0 0 |a 150.202 
090 |c 18913  |d 18913 
100 1 |a Guillaume, Palau. 
245 1 0 |a Manual de psicología 
260 |b Paidós.  |a Buenos Aires.  |c [1959]. 
300 |a 359 p.  |c 23 cm. 
504 |a Indice. 
650 4 |a PSICOLOGIA. 
942 |c LIB 
952 |0 0  |1 0  |4 0  |7 0  |9 26015  |a UNACH  |b UNACH  |c 100  |d 2007-03-05  |i 37.552.  |l 1  |m 2  |o 150.202 / G 949.  |p 27014  |r 2015-06-12 00:00:00  |s 2015-06-08  |u 26015  |w 2012-08-08  |y LIB  |k 150.202 / G 949. 
999 |c 18913  |d 18913